000 00278nam a22001337a 4500
003 SGT
082 _a370
_bG16S
100 _aSHARMA, R.S.
245 _aGANIT SARAL SAMIKARAN
260 _aNEW DELHI
_bINDIAN PUB
_c2016
300 _a208
650 _aEDUCATION
942 _2ddc
_cBK
999 _c12152
_d12152